ℓrboles y plantaciones en el Cd̤igo Civil distancias, inmisiones de ramas y rac̕es, y medianera̕ /

Bibliographic Details
Main Author: Barcel ̤Domňech, Javier
Format: eBook
Language:Spanish
Published: Madrid : Dykinson, 2011
Subjects:
Online Access:Acceso restringido

MARC

LEADER 00000nam a22000007a 4500
005 20120917150914.0
007 cr|||| ||||
008 120917s2011 sp |||||s|||| 00||0 spa d
020 |a 978-84-15454-97-7 
035 |a 6299 
040 |a vLex 
090 |c 3419  |d 3419 
100 1 |a Barcel ̤Domňech, Javier 
245 1 0 |a ℓrboles y plantaciones en el Cd̤igo Civil  |h [Recurso electrn̤ico] :  |b distancias, inmisiones de ramas y rac̕es, y medianera̕ /  |c Javier Barcel ̤Domňech 
256 |a Servicio en ln̕ea 
260 |a Madrid :  |b Dykinson,  |c 2011 
300 |a 1 recurso electrn̤ico 
506 1 |a Contenido solo disponible en los productos indicados  |d vLex Global   |d vLex Global (Academic Edition, excluding Law Schools)   |d vLex Global (U.S. Academic Edition, Law Schools)   |d vLex Global (U.S. Academic Edition, excluding Law Schools)   |d vLex Global (Academic Edition, Law Schools)  
650 0 4 |a Derecho civil   |x Legislacin̤ 
740 0 |a vLex Libros (Servicio en ln̕ea) 
856 4 0 |u http://vlex.com/source/arboles-plantaciones-codigo-civil-distancias-inmisiones-ramas-raices-medianeria-6299  |z Acceso restringido 
942 |c BOOK 
999 0 |a Civil law